<?xml version="1.0" encoding="UTF-8"?>
<record
    xmlns:xsi="http://www.w3.org/2001/XMLSchema-instance"
    xsi:schemaLocation="http://www.loc.gov/MARC21/slim http://www.loc.gov/standards/marcxml/schema/MARC21slim.xsd"
    xmlns="http://www.loc.gov/MARC21/slim">

  <leader>02591cam a2200505Ia 4500</leader>
  <controlfield tag="001">612212183</controlfield>
  <controlfield tag="003">OSt</controlfield>
  <controlfield tag="005">20180923144744.0</controlfield>
  <controlfield tag="006">m        d        </controlfield>
  <controlfield tag="007">cr mn|||||||||</controlfield>
  <controlfield tag="008">100507s2009    ne a    ob    001 0 eng d</controlfield>
  <datafield tag="020" ind1=" " ind2=" ">
    <subfield code="a">9780387709840 (eisbn)</subfield>
  </datafield>
  <datafield tag="020" ind1=" " ind2=" ">
    <subfield code="a">0387709843 (eisbn)</subfield>
  </datafield>
  <datafield tag="020" ind1=" " ind2=" ">
    <subfield code="z">9780387709833</subfield>
  </datafield>
  <datafield tag="020" ind1=" " ind2=" ">
    <subfield code="z">0387709835</subfield>
  </datafield>
  <datafield tag="035" ind1=" " ind2=" ">
    <subfield code="a">.b68808847</subfield>
  </datafield>
  <datafield tag="037" ind1=" " ind2=" ">
    <subfield code="a">978-0-387-70983-3</subfield>
    <subfield code="b">Springer</subfield>
    <subfield code="n">http://www.springerlink.com</subfield>
  </datafield>
  <datafield tag="040" ind1=" " ind2=" ">
    <subfield code="a">SINTU</subfield>
    <subfield code="c">SINTU</subfield>
    <subfield code="d">N$T</subfield>
    <subfield code="d">GW5XE</subfield>
    <subfield code="d">EBLCP</subfield>
    <subfield code="d">OSU</subfield>
    <subfield code="d">UtOrBLW</subfield>
  </datafield>
  <datafield tag="049" ind1=" " ind2=" ">
    <subfield code="a">OH1A</subfield>
  </datafield>
  <datafield tag="050" ind1=" " ind2="4">
    <subfield code="a">QH323.5</subfield>
    <subfield code="b">.S56 2009eb</subfield>
  </datafield>
  <datafield tag="050" ind1=" " ind2="4">
    <subfield code="a">QH323.5</subfield>
    <subfield code="b">.S56 2009eb</subfield>
  </datafield>
  <datafield tag="082" ind1="0" ind2="4">
    <subfield code="a">570.151</subfield>
    <subfield code="2">22</subfield>
    <subfield code="b">SRM</subfield>
  </datafield>
  <datafield tag="100" ind1="1" ind2=" ">
    <subfield code="a">Shonkwiler, Ronald W.,</subfield>
    <subfield code="d">1942-</subfield>
    <subfield code="9">65095</subfield>
  </datafield>
  <datafield tag="245" ind1="1" ind2="0">
    <subfield code="a">Mathematical biology</subfield>
    <subfield code="h">[electronic resource] :</subfield>
    <subfield code="b">an introduction with Maple and Matlab /</subfield>
    <subfield code="c">Ronald W. Shonkwiler, James Herod</subfield>
  </datafield>
  <datafield tag="250" ind1=" " ind2=" ">
    <subfield code="a">2nd ed</subfield>
  </datafield>
  <datafield tag="260" ind1=" " ind2=" ">
    <subfield code="a">Dordrecht ;</subfield>
    <subfield code="a">New York :</subfield>
    <subfield code="b">Springer,</subfield>
    <subfield code="c">c2009</subfield>
  </datafield>
  <datafield tag="300" ind1=" " ind2=" ">
    <subfield code="a">1 online resource (xiii, 551 p.) :</subfield>
    <subfield code="b">ill</subfield>
  </datafield>
  <datafield tag="490" ind1="1" ind2=" ">
    <subfield code="a">Undergraduate texts in mathematics</subfield>
  </datafield>
  <datafield tag="504" ind1=" " ind2=" ">
    <subfield code="a">Includes bibliographical references and index</subfield>
  </datafield>
  <datafield tag="504" ind1=" " ind2=" ">
    <subfield code="a">Includes bibliographical references and indexes</subfield>
  </datafield>
  <datafield tag="505" ind1="0" ind2="0">
    <subfield code="t">Biology, mathematics, and a mathematical biology laboratory --</subfield>
    <subfield code="t">Some mathematical tools --</subfield>
    <subfield code="t">pt. 1. Cells, signals, growth, and polulations --</subfield>
    <subfield code="t">Interactions between organisms and their environment --</subfield>
    <subfield code="t">Age-dependent population structures --</subfield>
    <subfield code="t">Random movements in space and time --</subfield>
    <subfield code="t">Neurophysiology --</subfield>
    <subfield code="t">g</subfield>
    <subfield code="t">The biochemisty of cells --</subfield>
    <subfield code="t">pt. 2. Systems and diseases --</subfield>
    <subfield code="t">A biomathematical approach to HIV and AIDS --</subfield>
    <subfield code="t">Parasites and their disease --</subfield>
    <subfield code="t">Cancer: a disease of the DNA -- pt. 3. Genomics</subfield>
    <subfield code="t">Genetics --</subfield>
    <subfield code="t">Genomics --</subfield>
    <subfield code="t">Phylogenetics</subfield>
  </datafield>
  <datafield tag="630" ind1="0" ind2="0">
    <subfield code="a">Maple (Computer file)</subfield>
    <subfield code="9">39193</subfield>
  </datafield>
  <datafield tag="630" ind1="0" ind2="0">
    <subfield code="a">MATLAB</subfield>
    <subfield code="9">65096</subfield>
  </datafield>
  <datafield tag="650" ind1=" " ind2="0">
    <subfield code="a">Biomathematics</subfield>
    <subfield code="9">65097</subfield>
  </datafield>
  <datafield tag="650" ind1=" " ind2="0">
    <subfield code="a">Biomathematics</subfield>
    <subfield code="x">Computer programs</subfield>
    <subfield code="9">65098</subfield>
  </datafield>
  <datafield tag="655" ind1=" " ind2="0">
    <subfield code="a">Electronic books</subfield>
    <subfield code="9">65099</subfield>
  </datafield>
  <datafield tag="700" ind1="1" ind2=" ">
    <subfield code="a">Herod, J. V.,</subfield>
    <subfield code="d">1937-</subfield>
    <subfield code="9">65100</subfield>
  </datafield>
  <datafield tag="773" ind1="0" ind2=" ">
    <subfield code="t">SpringerLink</subfield>
    <subfield code="w">(OCoLC)43927870</subfield>
  </datafield>
  <datafield tag="773" ind1="0" ind2=" ">
    <subfield code="t">OhioLINK electronic book center (Online)</subfield>
    <subfield code="w">(OCoLC)180989150</subfield>
  </datafield>
  <datafield tag="776" ind1="0" ind2="8">
    <subfield code="i">Print version:</subfield>
    <subfield code="a">Shonkwiler, Ronald W., 1942-</subfield>
    <subfield code="t">Mathematical biology.</subfield>
    <subfield code="b">2nd ed.</subfield>
    <subfield code="d">New York : Springer, 2009</subfield>
    <subfield code="z">9780387709833</subfield>
    <subfield code="z">0387709835</subfield>
    <subfield code="w">(OCoLC)451477717</subfield>
  </datafield>
  <datafield tag="830" ind1=" " ind2="0">
    <subfield code="a">Undergraduate texts in mathematics</subfield>
    <subfield code="9">18788</subfield>
  </datafield>
  <datafield tag="856" ind1="4" ind2="0">
    <subfield code="u">http://rave.ohiolink.edu/ebooks/ebc/9780387709840</subfield>
    <subfield code="z">Connect to resource</subfield>
  </datafield>
  <datafield tag="856" ind1="4" ind2="1">
    <subfield code="3">Table of contents</subfield>
    <subfield code="u">http://bvbr.bib-bvb.de:8991/F?func=service&amp;doc_library=BVB01&amp;doc_number=017693722&amp;line_number=0001&amp;func_code=DB_RECORDS&amp;service_type=MEDIA</subfield>
  </datafield>
  <datafield tag="942" ind1=" " ind2=" ">
    <subfield code="2">ddc</subfield>
    <subfield code="c">BOOK</subfield>
  </datafield>
  <datafield tag="999" ind1=" " ind2=" ">
    <subfield code="c">75170</subfield>
    <subfield code="d">312447</subfield>
  </datafield>
  <datafield tag="952" ind1=" " ind2=" ">
    <subfield code="1">0</subfield>
    <subfield code="2">2018-09-22</subfield>
    <subfield code="4">0</subfield>
    <subfield code="7">0</subfield>
    <subfield code="a">570.151 SRM</subfield>
    <subfield code="d">2018-09-22</subfield>
    <subfield code="h">CL</subfield>
    <subfield code="i">00751462</subfield>
    <subfield code="m">CL</subfield>
    <subfield code="r">2018-09-22 00:00:00</subfield>
    <subfield code="t">BOOK</subfield>
    <subfield code="w">ddc</subfield>
    <subfield code="y">0</subfield>
  </datafield>
  <datafield tag="952" ind1=" " ind2=" ">
    <subfield code="1">0</subfield>
    <subfield code="2">2018-09-22</subfield>
    <subfield code="4">0</subfield>
    <subfield code="7">0</subfield>
    <subfield code="a">570.151 SRM</subfield>
    <subfield code="d">2018-09-22</subfield>
    <subfield code="h">CL</subfield>
    <subfield code="i">00751463</subfield>
    <subfield code="m">CL</subfield>
    <subfield code="r">2018-09-22 00:00:00</subfield>
    <subfield code="t">BOOK</subfield>
    <subfield code="w">ddc</subfield>
    <subfield code="y">0</subfield>
  </datafield>
  <datafield tag="952" ind1=" " ind2=" ">
    <subfield code="1">0</subfield>
    <subfield code="2">2018-09-22</subfield>
    <subfield code="4">0</subfield>
    <subfield code="7">0</subfield>
    <subfield code="a">570.151 SRM</subfield>
    <subfield code="d">2018-09-22</subfield>
    <subfield code="h">CL</subfield>
    <subfield code="i">00751464</subfield>
    <subfield code="m">CL</subfield>
    <subfield code="r">2018-09-22 00:00:00</subfield>
    <subfield code="t">BOOK</subfield>
    <subfield code="w">ddc</subfield>
    <subfield code="y">0</subfield>
  </datafield>
  <datafield tag="952" ind1=" " ind2=" ">
    <subfield code="1">0</subfield>
    <subfield code="2">2018-09-22</subfield>
    <subfield code="4">0</subfield>
    <subfield code="7">0</subfield>
    <subfield code="a">570.151 SRM</subfield>
    <subfield code="d">2018-09-22</subfield>
    <subfield code="h">EMF</subfield>
    <subfield code="i">00751465</subfield>
    <subfield code="m">EMF</subfield>
    <subfield code="r">2018-09-22 00:00:00</subfield>
    <subfield code="t">BOOK</subfield>
    <subfield code="w">ddc</subfield>
    <subfield code="y">0</subfield>
  </datafield>
  <datafield tag="952" ind1=" " ind2=" ">
    <subfield code="1">0</subfield>
    <subfield code="2">2018-09-22</subfield>
    <subfield code="4">0</subfield>
    <subfield code="7">0</subfield>
    <subfield code="a">570.151 SRM</subfield>
    <subfield code="d">2018-09-22</subfield>
    <subfield code="h">EMF</subfield>
    <subfield code="i">00751466</subfield>
    <subfield code="m">EMF</subfield>
    <subfield code="r">2018-09-22 00:00:00</subfield>
    <subfield code="t">BOOK</subfield>
    <subfield code="w">ddc</subfield>
    <subfield code="y">0</subfield>
  </datafield>
  <datafield tag="952" ind1=" " ind2=" ">
    <subfield code="1">0</subfield>
    <subfield code="2">2018-09-22</subfield>
    <subfield code="4">0</subfield>
    <subfield code="7">0</subfield>
    <subfield code="a">570.151 SRM</subfield>
    <subfield code="d">2018-09-22</subfield>
    <subfield code="h">SZM</subfield>
    <subfield code="i">00751467</subfield>
    <subfield code="m">SZM</subfield>
    <subfield code="r">2018-09-22 00:00:00</subfield>
    <subfield code="t">BOOK</subfield>
    <subfield code="w">ddc</subfield>
    <subfield code="y">0</subfield>
  </datafield>
  <datafield tag="952" ind1=" " ind2=" ">
    <subfield code="1">0</subfield>
    <subfield code="2">2018-09-22</subfield>
    <subfield code="4">0</subfield>
    <subfield code="7">0</subfield>
    <subfield code="a">570.151 SRM</subfield>
    <subfield code="d">2018-09-22</subfield>
    <subfield code="h">SZM</subfield>
    <subfield code="i">00751468</subfield>
    <subfield code="m">SZM</subfield>
    <subfield code="r">2018-09-22 00:00:00</subfield>
    <subfield code="t">BOOK</subfield>
    <subfield code="w">ddc</subfield>
    <subfield code="y">0</subfield>
  </datafield>
</record>
